Bilecik Bilecik Bilecik Bilecik Bilecik

The dervish gate = (Record no. 43482)

MARC details
000 -BAŞLIK
Sabit Uzunluktaki Kontrol Alanı 01537nam a22004697a 4500
001 - KONTROL NUMARASI
Control Dosyası 0043670
003 - KONTROL NUMARASI KİMLİĞİ
Kontrol Alanı KOHA_MİRAKIL
005 - EN SON İŞLEM TARİHİ ve ZAMANI
Kontrol Alanı 20260207003358.0
007 - FİZİKSEL TANIM SABİT ALAN - GENEL BİLGİ
Sabit uzunluklu kontrol alanı ta
008 - SABİT UZUNLUKTAKİ VERİ ÖGELERİ - GENEL BİLGİ
Sabit Alan 130730b2011 tu |||gr||||#0|||1|eng |
020 ## - ISBN - ULUSLARARASI STANDART KİTAP NUMARASI
Isbn 9789752898011
040 ## - KATALOGLAMA KAYNAĞI
Özgün Kataloglama Kurumu TR-BiSEU
Kataloglama Dili tur
Çeviri Kurumu TR-BiSEU
Açıklama Kuralları rda
041 0# - DİL KODU
Metin ya da ses kaydının dil kodu eng
044 ## - YAYINLAYAN/ÜRETEN KURULUŞUN ÜLKE KODU
ISO country code tu
050 ## - SINIFLAMA ve YER NUMARASI
Sınıflama Numarası PL248.U45
Yer Numarası D47 2011
100 1# - KİŞİ ADI
Yazar Adı (Kişi adı) Ümit, Ahmet.
240 10 - TEK BİÇİM BAŞLIK
Language of a work İngilizce
240 10 - TEK BİÇİM BAŞLIK
Tekbiçim Başlık <a href="Bab-ı esrar">Bab-ı esrar</a>
Language of a work İngilizce
245 14 - ESER ADI BİLDİRİMİ
Başlık The dervish gate =
Alt Eseradı vb. Bab-ı esrar/
Sorumluluk Bildirimi Ahmet Ümit ; Ahmet Ümit ; translated by Elke Dixion [i.e. Dixon]..
250 ## - BASIM BİLDİRİMİ
Basım Bildirimi 1st English edition
264 #1 - ÜRERİM, YAYIN, DAĞITIM ve TELİF BİLDİRİMİ
Yayın yeri İstanbul :
Yayınlayan Everest Yayınları
Yayın tarihi 2011
300 ## - FİZİKSEL TANIMLAMA
Sayfa, Cilt vb. 405 page. ;
Boyutları 23 cm.
336 ## - İÇERİK TÜRÜ
Content type term metin
Content type code txt
Source rdacontent
337 ## - MEDYA TÜRÜ
Media type term aracısız
Media type code n
Source rdamedia
338 ## - TAŞIYICI TÜRÜ
Carrier type term cilt
Carrier type code nc
Source rdacarrier
490 1# - DİZİ BİLDİRİMİ
Dizi Bildirimi Everest yayınları pub.
490 1# - DİZİ BİLDİRİMİ
Dizi Bildirimi no.
490 1# - DİZİ BİLDİRİMİ
Dizi Bildirimi 893.
490 1# - DİZİ BİLDİRİMİ
Dizi Bildirimi Contemporary Turkish literature ;
Cilt Numarası 10
500 ## - GENEL NOT
Genel Not Özgün adı: Bab-ı esrar.
650 #0 - KONU BAŞLIĞI EK GİRİŞ - KONU TERİMİ
Konusal terim veya coğrafi ad Jalal al-Din Rumi,--Maulana, 1207-1273--Fiction.
9 (RLIN) 81414
650 #0 - KONU BAŞLIĞI EK GİRİŞ - KONU TERİMİ
Konusal terim veya coğrafi ad Shams-i Tabrizi, 1246?--Fiction.
9 (RLIN) 81415
650 #0 - KONU BAŞLIĞI EK GİRİŞ - KONU TERİMİ
Konusal terim veya coğrafi ad Suspense fiction, Turkish--Translations into English.
9 (RLIN) 81416
650 #0 - KONU BAŞLIĞI EK GİRİŞ - KONU TERİMİ
Konusal terim veya coğrafi ad Historical fiction, Turkish--Translations into English.
9 (RLIN) 81417
650 #0 - KONU BAŞLIĞI EK GİRİŞ - KONU TERİMİ
Konusal terim veya coğrafi ad Mevleviyeh--Fiction.
9 (RLIN) 22454
830 1# - SERİ EK GİRİŞİ - TEKBİÇİM ESER ADI
Tekbiçim Başlık Everest yayınları pub.
9 (RLIN) 81418
830 1# - SERİ EK GİRİŞİ - TEKBİÇİM ESER ADI
Tekbiçim Başlık no.
9 (RLIN) 17295
830 1# - SERİ EK GİRİŞİ - TEKBİÇİM ESER ADI
Tekbiçim Başlık 893.
9 (RLIN) 81419
830 1# - SERİ EK GİRİŞİ - TEKBİÇİM ESER ADI
Tekbiçim Başlık Contemporary Turkish literature ;
Volume number/sequential designation 10
9 (RLIN) 81420
907 ## - LOCAL DATA ELEMENT G, LDG (RLIN)
a Roman
942 ## - EK GİRİŞ ÖGELERİ (KOHA)
Source of classification or shelving scheme Library of Congress Classification
Koha item type Book
Holdings
Materyal Türü Kalıcı Konum Mevcut Konum Raf Yeri Sınıflandırma Kaynağı Edinim Bilgisi Ana Konular Alt Konular Yer Numarası Demirbaş Numarası Fatura Tarihi Maliyet, Alış Fiyatı Maliyet, Yenileme Fiyatı Geri Çekilme Durumu Kayıp Durumu Hasarlı Durumu Kredi için değil Kayıt Tarih Toplam Ödünçverme Son Görülme Tarihi Son Kontrol Tarihi Satın Alma Notu
Book Prof. Dr. Azmi Özcan Kütüphanesi Prof. Dr. Azmi Özcan Kütüphanesi Birûni Salonu Library of Congress Classification Satın DİL VE EDEBİYAT Doğu Asya, Afrika, Okyanusya Dilleri ve Edebiyatları PL248.U45 D47 2011 0043670 24/09/2013 16.10 16.10     Ciltte   30/07/2013 1 28/11/2025 28/11/2025 73291-73383 (92 sayfa)